Matematika pre 6.-11. postupný ročník všeobecnovzdelávacích škôl s vyučovacím jazykom slovenským

Podrobná bibliografia
Hlavní autori: Jelínek, Miloš, 1910-1993 (Autor), Fuchs, Jaroslav (Autor), Hroch, František (Autor), Karásek, Bohumil (Autor), Kojzlar, Antonín (Autor), Kováč, Pavel (Autor), Kraemer, Emil, 1910-2001 (Autor), Linhardt, Jaromír (Autor), Lukašík, Antonín (Autor), Macháň, František (Autor), Masoch, Petr (Autor), Novák, Ladislav matematik (Autor), Pírek, Josef, 1914-1963 (Autor), Rakovič, Karel (Autor), Stehlík, Josef (Autor), Svoboda, Jozef (Autor), Horálek, Jozef (Autor), Kabele, Jiří, 1906-1983 (Autor), Macháček, Vlastimil (Autor), Zelinka, Rudolf, 1907-1965 (Autor), Kroupa, Jozef (Autor adaptácie, Prekladateľ), Repáš, Víťazoslav (Autor adaptácie, Prekladateľ)
Médium: Kniha
Jazyk:slovenčina
čeština
Fyzický popis:119 strán 21 cm
Vydavateľské údaje: Bratislava Slovenské pedagogické nakladateľstvo 1955
Vydanie:Prvé vydanie
Edícia:Metodické state k učebniciam a učebným osnovám
Predmet:

MARC

LEADER 00000cam a2200000 a 4500
001 vtls008384847
003 SK-MaSNL
005 20260302074703.0
008 230403s1955 xo grf 000 0 slo
015 |a SNBA19451955-007326 
020 |q (brožované) 
035 |a SK01SNKBKSFS20010077064 
035 |a urn:nbn:sk:snk-am3i5l5 
035 |a ACC55FDA-9C33-416C-8F26-84C5C2B72A69 
035 |a urn:nbn:sk:snk-am00dkvx 
035 |a SKM000079527 
040 |a SNK  |b slo  |c SNK  |e AACR2 
041 1 |a slo  |h cze 
044 |a xo  |c SK 
080 |a 51  |2 2011 
080 |a (075.2)  |2 2011 
080 |a (072)  |2 2011 
245 0 0 |a Matematika  |b pre 6.-11. postupný ročník všeobecnovzdelávacích škôl s vyučovacím jazykom slovenským  |c spracovali: Miloš Jelínek, Jaroslav Fuchs, František Hroch, Bohumil Karásek, Antonín Kojzlar, Pavel Kováč, Emil Kraemer, Jaromír Linhardt, Antonín Lukašík, František Machaň, Petr Masoch, Ladislav Novák, Jozef Pírek, Karel Rakovič, Josef Stehlík, Jozef Svoboda, Výzkumný ústav pedologický (Jozef Horálek, Jiří Kabele, Vlastimil Macháček) a Rudolf Zelinka ; preložil a pre slovenské učebnice prispôsobil Jozef Kroupa a Víťazoslav Repáš 
250 |a Prvé vydanie 
260 |a Bratislava  |b Slovenské pedagogické nakladateľstvo  |c 1955  |e Trnava  |f Polygrafické závody 
300 |a 119 strán  |c 21 cm 
366 |e 5500 kusov 
490 1 |a Metodické state k učebniciam a učebným osnovám 
500 |a Pravdepodobne preložené z češtiny 
650 0 7 |a matematika  |2 SNKPH  |9 70174 
655 7 |a učebnice základných škôl  |2 SNKPH  |9 70187 
655 7 |a metodické príručky  |2 SNKPH  |9 70250 
700 1 |a Jelínek, Miloš,  |d 1910-1993  |4 aut  |9 209931 
700 1 |a Fuchs, Jaroslav  |4 aut  |9 740597 
700 1 |a Hroch, František  |4 aut  |9 740598 
700 1 |a Karásek, Bohumil  |4 aut  |9 455431 
700 1 |a Kojzlar, Antonín  |4 aut  |9 740599 
700 1 |a Kováč, Pavel  |4 aut  |9 376910 
700 1 |a Kraemer, Emil,  |d 1910-2001  |4 aut  |9 86241 
700 1 |a Linhardt, Jaromír  |4 aut  |9 740600 
700 1 |a Lukašík, Antonín  |4 aut  |9 740601 
700 1 |a Macháň, František  |4 aut  |9 322359 
700 1 |a Masoch, Petr  |4 aut  |9 740602 
700 1 |a Novák, Ladislav  |c matematik  |4 aut  |9 740603 
700 1 |a Pírek, Josef,  |d 1914-1963  |4 aut  |9 184259 
700 1 |a Rakovič, Karel  |4 aut  |9 740604 
700 1 |a Stehlík, Josef  |4 aut  |9 379035 
700 1 |a Svoboda, Jozef  |4 aut  |9 552055 
700 1 |a Horálek, Jozef  |4 aut  |9 740605 
700 1 |a Kabele, Jiří,  |d 1906-1983  |4 aut  |9 106737 
700 1 |a Macháček, Vlastimil  |4 aut  |9 276593 
700 1 |a Zelinka, Rudolf,  |d 1907-1965  |4 aut  |9 104319 
700 1 |a Kroupa, Jozef  |4 trl  |4 adp  |9 307685 
700 1 |a Repáš, Víťazoslav  |4 trl  |4 adp  |9 280131 
830 0 |a Metodické state k učebniciam a učebným osnovám  |9 309741 
852 |a Slovenská národná knižnica 
954 |a odborná, vedecká literatúra cudzojazyčná (svetová)  |2 lita 
958 |a RK 
958 |a TL 
958 |a OP 
958 |a OND 
958 |a EUIPO 
968 |b ČES 
999 |c 1166059  |d 1167989 
952 |a SNK  |b SNK  |y PREZ  |7 0  |p 17A0772378  |o snkSC 6631  |i snk1218/55  |0 0  |1 0  |4 0  |d 2019-05-13  |f 1  |l 0  |r 2025-07-04 00:00:00  |w 2026-02-24